000 00669nam a2200253Ia 4500
003 OSt
005 20220924114746.0
006 a|||||r|||| 00| 0
007 ta
008 220923b |||||||| |||| 00| 0 ara d
020 _a9770233501
024 _a335557
037 _cTextual
040 _aARTS
_cARTS
_bara
041 _2ara
_aara
082 _aO28:g, N1
100 _aAbdurrahman Aisha Au.
_9175206
245 0 _aLaghtona wa-al-hayat
260 _aCairo
_bDar-al-ma'arif Egypt
_c1991
300 _a214p.
_ccm.
650 _aARABIC LITERATURE
942 _hO28:g, N1
_cTEXL
_2CC
999 _c395143
_d395143